Feelings and faith : (Record no. 21644)
[ view plain ]
| 000 -LEADER | |
|---|---|
| fixed length control field | 02443cam a2200373 a 4500 |
| 001 - CONTROL NUMBER | |
| control field | 15460412 |
| 003 - CONTROL NUMBER IDENTIFIER | |
| control field | OSt |
| 005 - DATE AND TIME OF LATEST TRANSACTION | |
| control field | 20260526095622.0 |
| 008 - FIXED-LENGTH DATA ELEMENTS--GENERAL INFORMATION | |
| fixed length control field | 080922s2009 ilu 001 0 eng |
| 010 ## - LIBRARY OF CONGRESS CONTROL NUMBER | |
| LC control number | 2008041694 |
| 020 ## - INTERNATIONAL STANDARD BOOK NUMBER | |
| International Standard Book Number | 9781433503634 |
| Qualifying information | tpb |
| 020 ## - INTERNATIONAL STANDARD BOOK NUMBER | |
| International Standard Book Number | 1433503638 |
| Qualifying information | tpb |
| 020 ## - INTERNATIONAL STANDARD BOOK NUMBER | |
| International Standard Book Number | 9781433511455 |
| Qualifying information | |
| 020 ## - INTERNATIONAL STANDARD BOOK NUMBER | |
| International Standard Book Number | 9781433511462 |
| Qualifying information | mobipocket |
| 035 ## - SYSTEM CONTROL NUMBER | |
| System control number | 15460412 |
| 035 ## - SYSTEM CONTROL NUMBER | |
| System control number | (OCoLC)262891613 |
| 040 ## - CATALOGING SOURCE | |
| Original cataloging agency | DLC |
| Transcribing agency | DLC |
| Modifying agency | BTCTA |
| -- | DTM |
| -- | DLC |
| 050 00 - LIBRARY OF CONGRESS CALL NUMBER | |
| Classification number | BV4597.3 |
| Item number | .B66 2009 |
| 082 00 - DEWEY DECIMAL CLASSIFICATION NUMBER | |
| Classification number | 233/.5 |
| Edition number | 22 |
| 100 1# - MAIN ENTRY--PERSONAL NAME | |
| Personal name | Borgman, Brian. |
| 245 10 - TITLE STATEMENT | |
| Title | Feelings and faith : |
| Remainder of title | cultivating godly emotions in the Christian life / |
| Statement of responsibility, etc. | Brian S. Borgman ; foreword by Bruce Ware. |
| 260 ## - PUBLICATION, DISTRIBUTION, ETC. (IMPRINT) | |
| Place of publication, distribution, etc. | Wheaton, Ill. : |
| Name of publisher, distributor, etc. | Crossway Books, |
| Date of publication, distribution, etc. | 2009. |
| 300 ## - PHYSICAL DESCRIPTION | |
| Extent | 240 p. ; |
| Dimensions | 22 cm. |
| 336 ## - CONTENT TYPE | |
| Content type term | text |
| Content type code | txt |
| Source | rdacontent |
| 337 ## - MEDIA TYPE | |
| Media type term | unmediated |
| Media type code | n |
| Source | rdamedia |
| 338 ## - CARRIER TYPE | |
| Carrier type term | volume |
| Carrier type code | nc |
| Source | rdacarrier |
| 504 ## - BIBLIOGRAPHY, ETC. NOTE | |
| Bibliography, etc | Includes bibliographical references (p. 213-219) and indexes. |
| 505 0# - FORMATTED CONTENTS NOTE | |
| Formatted contents note | Introduction -- pt. 1. A biblical foundation for understanding our emotions. The character of God -- The character of the Living Word and the Written Word -- A biblical anthropology and the emotions -- pt. 2. Biblical sanctification and our emotions. Our emotions and the authority of the Word of God -- The foundation and priority of truth -- A sound theology of Christian experience -- pt. 3. Mortifying ungodly emotions -- Introduction to mortifying ungodly emotions -- Sinful anger -- Unforgiveness and bitterness -- Fear, anxiety, and worry -- Depression -- pt. 4. Cultivating godly emotions -- An introduction to cultivating godly emotions -- Jesus our pattern, part one -- Jesus our pattern, part two -- Renewing our minds -- The emotions and worship -- The emotions and preaching -- The emotions and faith-building relationships -- The emotions and the Word and prayer -- The emotions and reading, meditation, and imagination -- Appendix 1. Divine impassibility : is God really without passions? -- Appendix 2. A biography bibliography. |
| 650 #0 - SUBJECT ADDED ENTRY--TOPICAL TERM | |
| Topical term or geographic name as entry element | Emotions |
| General subdivision | Religious aspects |
| -- | Christianity. |
| 906 ## - LOCAL DATA ELEMENT F, LDF (RLIN) | |
| a | 7 |
| b | cbc |
| c | orignew |
| d | 1 |
| e | ecip |
| f | 20 |
| g | y-gencatlg |
| 942 ## - ADDED ENTRY ELEMENTS (KOHA) | |
| Source of classification or shelving scheme | Library of Congress Classification |
| Koha item type | General Collection |
| Withdrawn status | Lost status | Source of classification or shelving scheme | Not for loan | Home library | Current library | Shelving location | Date acquired | Source of acquisition | Inventory number | Total Checkouts | Full call number | Barcode | Date last seen | Copy number | Price effective from | Koha item type |
|---|---|---|---|---|---|---|---|---|---|---|---|---|---|---|---|---|
| Library of Congress Classification | Kabarak, Main Campus | Kabarak, Main Campus | General Stacks | 26/05/2026 | Donation | 2026/4420 | BV4597.3 .B66 2009 C.1 | 38001 | 26/05/2026 | C.1 | 26/05/2026 | General Collection |